000 00525nam a2200193Ia 4500
005 20250508163547.0
008 008 250505s9999 xx 000 0 eng d
037 _aTextual
040 _aFEDL
_beng
_cFEDL
041 _aeng
_2eng
084 _a901, LAN
_qFEDL
100 _aLandman J H
_9775644
245 0 _aNew outline-history of the world since 1914
250 _a6th
260 _aNew York, USA
_bBarnes and Noble
_c1946
300 _aix,368p.
942 _cTEXL
_h901, LAN
999 _c1384084
_d1384084